| 000 | 00000nam##2200000za#4500 |
| 001 | 9.700413 |
| 003 | CaOODSP |
| 005 | 20250506145324 |
| 007 | cr ||||||||||| |
| 008 | 150407|1978||||xxc|||||o f|0| 0 eng|d |
| 040 | |aCaOODSP|beng |
| 043 | |an-cn--- |
| 086 | 1 |aA53-1649/1977E-PDF |
| 110 | 1 |aCanada.|bAgriculture Canada. |
| 245 | 10|aPreserving flowers with silica gel / |h[electronic resource]|cby Peggy Bolster. |
| 260 | |aOttawa - Ontario : |bAgriculture Canada |c1978. |
| 300 | |a24p.|billus. (some coloured) |
| 500 | |aIncorrect copyright date (1992) printed in this publication. |
| 500 | |aHistorical publication digitized by Agriculture and Agri-Food Canada. |
| 590 | |a15-03-Supp|b2015-03-13 |
| 690 | 07|aPlants|2gcpds |
| 690 | 07|aWild plants|2gcpds |
| 720 | 1 |aBolster, Peggy |
| 775 | 08|tConservation des fleurs au gel de silice / |w(CaOODSP)9.644300 |
| 856 | 40|ahttp://publications.gc.ca|qPDF|s2670 KB|uhttps://publications.gc.ca/collections/collection_2015/aac-aafc/A53-1649-1977-eng.pdf |
| 986 | |aPublication 1649 |